000
00309nam a22001457a 4500
008
221118b ||||| |||| 00| 0 eng d
020
_a
9780947795931
041
_a
eng
080
_a
61
082
_a
61GLO
100
_a
4
101
_a
MJEK
245
_a
FERTILITY THE FAMILY
_c
GLOVER J
942
_2
udc
_c
BK
999
_c
58947
_d
58947